00371nam a22001097a 4500008004100000040005500041080002200096245006500118260004000183300001100223700002700234230405b |||||||| |||| 00| 0 eng d aNational Science LibrarycNational Science Library a061.2(09)(42)bK0 aRoyal society its origins and foundersc/ The Royal Society  aLondon: bThe Royal Society, c1960 a271p.  aHartley, Horold (Ed. )